ბათუმის შოთა რუსთაველის სახელმწიფო უნივერსიტეტის ბიბლიოთეკა

თორმეტი სკამი. ოქროს კერპი. (ბიბ.ჩანაწერი № 49769)

000 -LEADER
fixed length control field 00728nam a2200229Ia 4500
001 - CONTROL NUMBER
control field 16704
003 - CONTROL NUMBER IDENTIFIER
control field GE_BSU
008 - FIXED-LENGTH DATA ELEMENTS--GENERAL INFORMATION
fixed length control field 181216s||||||||xx |||||||||||||| ||und||
040 ## - CATALOGING SOURCE
Transcribing agency GE_BSU
080 ## - UNIVERSAL DECIMAL CLASSIFICATION NUMBER
Universal Decimal Classification number 892.71-31
100 ## - MAIN ENTRY--PERSONAL NAME
Personal name ილფი, ი.
245 ## - TITLE STATEMENT
Title თორმეტი სკამი. ოქროს კერპი.
245 ## - TITLE STATEMENT
Remainder of title რომანები
245 ## - TITLE STATEMENT
Statement of responsibility, etc. მთარგმნ.: რ. კობიძე
260 ## - PUBLICATION, DISTRIBUTION, ETC.
Place of publication, distribution, etc. თბილისი
260 ## - PUBLICATION, DISTRIBUTION, ETC.
Name of publisher, distributor, etc. საბჭ. საქართველო
260 ## - PUBLICATION, DISTRIBUTION, ETC.
Date of publication, distribution, etc. 1964
300 ## - PHYSICAL DESCRIPTION
Extent 622გვ. ; 22სმ
653 ## - INDEX TERM--UNCONTROLLED
Uncontrolled term თორმეტი სკამი ; ოქროს კერპი
653 ## - INDEX TERM--UNCONTROLLED
Uncontrolled term რომანები
942 ## - ADDED ENTRY ELEMENTS (KOHA)
Koha item type წიგნი
ეგზემპლარები
Withdrawn status Lost status Damaged status Not for loan Date acquired Barcode Date last seen Price effective from Koha item type
        2018-12-17 21292 2018-12-17 2018-12-17 წიგნი